Auditing. (Record no. 1679)

MARC details
005 - DATE AND TIME OF LATEST TRANSACTION
control field 20250425161800.0
020 ## - INTERNATIONAL STANDARD BOOK NUMBER
International Standard Book Number 0-256-18800-9
082 ## - DEWEY DECIMAL CLASSIFICATION NUMBER
Classification number 657.45 ROB
100 ## - MAIN ENTRY--PERSONAL NAME
Author name ROBERTSON, J. C.
245 ## - TITLE STATEMENT
Title Auditing.
250 ## - EDITION STATEMENT
Edition statement 8th Ed.
260 ## - PUBLICATION, DISTRIBUTION, ETC.
Place of publication, distribution, etc. London,
Name of publisher, distributor, etc. Mcgraw- Hill Irwin,
Date of publication, distribution, etc. 1996.
300 ## - PHYSICAL DESCRIPTION
Extent xiii, 983p.:Ill.;figures & table
Other physical details Index
Dimensions 26cm.
942 ## - ADDED ENTRY ELEMENTS (KOHA)
Source of classification or shelving scheme Dewey Decimal Classification
Koha item type Books
Holdings
Date last seen Total checkouts Full call number Barcode Cost, replacement price Price effective from Koha item type Lost status Source of classification or shelving scheme Damaged status Not for loan Withdrawn status Home library Current library Shelving location Date acquired Cost, normal purchase price
04/25/2025   657.45 ROB 0000006234 45000.00 04/25/2025 Books   Dewey Decimal Classification       College of Business Education Main Library College of Business Education Main Library General Collection 04/25/2025 15000.00
04/25/2025   657.45 ROB 0000006235 45000.00 04/25/2025 Books   Dewey Decimal Classification       College of Business Education Main Library College of Business Education Main Library General Collection 04/25/2025 15000.00